000 00270nam a22001217a 4500
008 170715b xxu||||| |||| 00| 0 eng d
041 _aeng
080 _a038
100 _a23
101 _aFJA
245 _aDICTIONARY OF DATA PROCESSING
_cWITTMANN, A
942 _2udc
_cBK
999 _c21161
_d21161